000 00462nam a2200181Ia 4500
008 120822t xxu||||| |||| 00| 0 sin d
041 _asin
080 _a8-31 (eng)
_bPRI
100 _aPrice, Willard
245 _aකොටි දඩයම
246 _aKoti Dadayama
260 _aFast Publishers
_aColombo
_c
300 _b264p, 21 cm
700 _aDalawaththa, Wijayarathna
_etr.
942 _cBK
999 _c41106
_d41106
003 LK-CoDNM
040 _aLK-CoDNM
_dLK-CoDNM
_eLK-CoDNM